Sports Quiz

Random Sports or MLB Quiz

Teams of Deion Sanders Quiz Stats

 Plays Quiz Updated Nov 20, 2018

Support Sporcle.
Go Orange.
Score 0/10 Timer 02:00
0 Plays Today
Sport Team % Correct
FootballCowboys
95%
FootballFalcons
85.5%
Football49ers
80.9%
BaseballReds
79.6%
BaseballReds
79.6%
BaseballBraves
74.2%
FootballRavens
65.7%
BaseballYankees
65%
FootballRedskins
54.9%
BaseballGiants
50.7%

You're not logged in!

Compare scores with friends on all Sporcle quizzes.
OR
Log In
Forgot?

From the Vault

Geography by Numbers IV

by Flick

Sometimes you just have to play the numbers.
Remove Ads.
Support Sporcle.
Get the best of Sporcle when you Go Orange. This ad-free experience offers more features, more stats, and more fun while also helping to support Sporcle. Thank you for becoming a member.

Show Comments

Extras

Top Quizzes Today


Score Distribution

Your Account Isn't Verified!

In order to create a playlist on Sporcle, you need to verify the email address you used during registration. Go to your Sporcle Settings to finish the process.

Report this User

Report this user for behavior that violates our Community Guidelines.

Details: